00318nam a2200133Ia 4500003000400000005001700004008004100021020001900062040002700081100001600108245003800124260001400162300000800176OSt20240119154323.0170523s9999 xx 000 0 und d a978-0273032328 ciimt university meerut aHARRY- MIKE 0aINFORMATION AND MANAGEMENT SYSTEM bNEW DELHI a423